Thực hành ngữ âm và ngữ điệu tiếng Anh : Kèm 3 đĩa CD
সংরক্ষণ করুন:
| বিন্যাস: | গ্রন্থ |
|---|---|
| ভাষা: | Undetermined |
| প্রকাশিত: |
Thành phố Hồ Chí Minh
Tổng hợp Thành phố Hồ Chí Minh
2004
|
| বিষয়গুলি: | |
| ট্যাগগুলো: |
ট্যাগ যুক্ত করুন
কোনো ট্যাগ নেই, প্রথমজন হিসাবে ট্যাগ করুন!
|
| Thư viện lưu trữ: | Trung tâm Học liệu Trường Đại học Cần Thơ |
|---|
| LEADER | 00666nam a2200205Ia 4500 | ||
|---|---|---|---|
| 001 | CTU_87119 | ||
| 008 | 210402s9999 xx 000 0 und d | ||
| 020 | |c 46000 | ||
| 082 | |a 421.55 | ||
| 082 | |b Th552 | ||
| 245 | 0 | |a Thực hành ngữ âm và ngữ điệu tiếng Anh : | |
| 245 | 0 | |b Kèm 3 đĩa CD | |
| 245 | 0 | |c Nguyễn Thành Yến dịch | |
| 260 | |a Thành phố Hồ Chí Minh | ||
| 260 | |b Tổng hợp Thành phố Hồ Chí Minh | ||
| 260 | |c 2004 | ||
| 650 | |a English language,English language | ||
| 650 | |x Phonetics,Phonology | ||
| 904 | |i M.Loan | ||
| 980 | |a Trung tâm Học liệu Trường Đại học Cần Thơ | ||